000 00438ntaaa2200169 4500
003 01
005 20251027201834.0
008 0714s1973 ag 01
040 _aAR-BaBN
_bspa
_cAR-BaBN
_eaacr
_dRIC
082 _a244.1000 AL5
245 _aShowing God's love
250 _a1 ed. :
_bNashvilleSunday School Board,
_cc1942
300 _a44 p
500 _aHistoria bíblica para niños
700 _aAllen, Hattie Bell
_914266
942 _cBK
999 _c13069
_d13069